Financial Statement Analysis and Security Valuation

Saved in:
Bibliographic Details
Main Author: Penman, Stephen H.
Format: Book
Language:English
Published: New York McGraw-Hill/Education 2013
Edition:5th Edition
Subjects:
Tags: Add Tag
No Tags, Be the first to tag this record!

MARC

LEADER 00000nam a2200000 4500
001 0246878
005 20230109114525.2
020 |a 978-007-132640-7 
041 0 |a eng 
044 |a US 
245 1 0 |a Financial Statement Analysis and Security Valuation  |c Stephen H. Penman 
250 |a 5th Edition 
264 1 |a New York  |b McGraw-Hill/Education  |c 2013 
300 |a 740 s. 
610 2 0 |a výkazníctvo finančné 
610 2 0 |a výkazy finančné 
610 2 0 |a analýzy 
610 2 0 |a oceňovanie 
610 2 0 |a kapitál vlastný 
610 2 0 |a bilancie 
610 2 0 |a cash flow 
610 2 0 |a zisk 
610 2 0 |a informácie účtovné 
610 2 0 |a hodnota podniku 
610 2 0 |a riziko úverové 
610 2 0 |a prognózy 
100 1 |a Penman, Stephen H.